| 000 | 00463nam a22001817a 4500 | ||
|---|---|---|---|
| 003 | CEME | ||
| 005 | 20210628210556.0 | ||
| 008 | 210210b xxu||||| |||| 00| 0 eng d | ||
| 020 | _a0-05-003395-6 | ||
| 040 | _c. | ||
| 082 | _a620.11 MCS | ||
| 100 |
_aMcshea, John Hewitt, Terry Danks, Kenneth _980018 |
||
| 245 | _aMaterials technology | ||
| 260 |
_aUNITED KINDOM _bOLIVER AND BOYD _c1993 |
||
| 300 | _a92P | ||
| 650 |
_aMATERIALS _91466 |
||
| 942 |
_cBK _2ddc |
||
| 999 |
_c584995 _d584995 |
||